000 nam a22 7a 4500
999 _c27920
_d27920
008 170211b xxu||||| |||| 00| 0 eng d
020 _a0852963041
050 _aQ 181 .S6P76 1985
100 _aInspec.
_d1985
245 _aProperties of amorphous silicon/
260 _aLondon:
_bInspec,
_c1985.
300 _aix, various paging.:
_c29cm.
521 _aIncludes bibliographical references and index.
650 _aAmorphous silicon.
942 _2lcc
_cBOOKS
_hQ 181 .S6P76 1985